[Event "Eurasia Open Cup 2018"]
[Site "Jekaterienburg"]
[Date "2018.08.01"]
[Round "1"]
[White "Lilov, Aleksandr"]
[Black "Kryakvin, Dmitry"]
[Result "0-1"]
[WhiteElo "2137"]
[BlackElo "2591"]
[Annotator "TA"]
[PlyCount "88"]
[EventDate "2018.08.01"]
[EventType "swiss"]
[EventCountry "RUS"]
[SourceTitle "playchess.com"]
[Source "ChessBase"]
[SourceQuality "1"]

{[%evp 22,88,37,0,22,17,24,-19,-10,-30,-17,-29,-18,-6,-8,-19,-27,-15,0,-29,-22,-24,-18,-52,-45,-45,-49,-34,-57,-58,1,0,0,0,10,0,0,0,4,0,0,0,0,0,0,-18,-57,-279,-277,-252,-235,-698,-687,-1116,-1087,-1312,-879,-872,-860,-6096,-6107,-5097,-4324,-29975,-29975,-29972,-29969,-29984,-29985]} 1. e4 c5 2. Nf3 d6 3. d4 cxd4 4. Nxd4 Nf6 5. Nc3 Nc6 6. Bg5 e6 7. Qd3 a6 8. O-O-O Bd7 {B62: Sizilianisch (Richter/Rauser-Angriff)} 9. Kb1 Be7 10. f4 Nxd4 11. Qxd4 Bc6 12. Be2 {LiveBook: 3 Partien} O-O 13. Bf3 Rc8 14. Rhe1 $146 ({Vorgänger:} 14. g4 Qc7 15. Rhg1 Rfd8 16. Qe3 b5 17. Ne2 Bb7 18. c3 {0-1 (42) German,N (2182)-Kryakvin,D (2592) Voronezh 2018}) 14... h6 15. Bxf6 $1 Bxf6 16. e5 Bh4 17. Re2 dxe5 18. fxe5 Qxd4 19. Rxd4 Bd8 $36 {[%mdl 2048] Weiss steht unter Druck.} 20. Ne4 Bb6 21. Rd1 Rfd8 {[%cal Rd8d1]} 22. Red2 Rxd2 23. Rxd2 Be3 24. Rd3 {Droht Sd6 und aus.} Bf4 25. Nd6 Rc7 (25... Rd8 $1 $15 26. Bxc6 bxc6) 26. Bxc6 $11 Rxc6 27. Nxb7 Bxe5 {[%mdl 4096] Endspiel KTL-KTS} 28. Na5 Rc5 29. b4 Rb5 30. c3 {Droht stark a4.} Bxh2 31. a4 Rg5 32. Rd2 Be5 33. Kc2 Rg3 34. Rd3 $2 (34. c4 $15) 34... Rxg2+ $19 35. Kb3 Rg3 $1 {[%cal Rg3d3]} 36. Rxg3 $2 (36. Kc2) 36... Bxg3 {KL-KS} 37. Nc6 h5 {[%cal Bh6h5,Bh5h4,Bh4h3,Bh3h2][%mdl 32]} 38. b5 axb5 39. a5 {[#]} Bd6 $1 40. c4 {[#]} h4 $1 {[%cal Rh4h3]} 41. a6 Bc5 42. cxb5 h3 {Schwarz setzt Matt.} 43. Kc4 Bf2 ({Schlechter ist} 43... h2 44. Kxc5 h1=Q 45. a7 $11) 44. Nd4 h2 {Precision: Weiß = 31%, Schwarz = 83%.} 0-1

[Event "Eurasia Open Cup 2018"]
[Site "Jekaterienburg"]
[Date "2018.08.01"]
[Round "1"]
[White "Kozlov, Denis"]
[Black "Shaposhnikov, Evgeny"]
[Result "0-1"]
[WhiteElo "2128"]
[BlackElo "2588"]
[Annotator "TA"]
[PlyCount "48"]
[EventDate "2018.08.01"]
[EventType "swiss"]
[EventCountry "RUS"]
[SourceTitle "playchess.com"]
[Source "ChessBase"]
[SourceQuality "1"]

{[%evp 15,48,3,14,-50,-30,-80,-95,-93,-82,-89,-85,-182,-102,-120,-43,-44,-40,-39,-20,-17,-21,-133,-115,-126,-113,-350,-316,-338,-313,-883,-500,-1017,-1032,-1002,-981]} 1. d4 Nf6 2. c4 e6 3. g3 c5 4. d5 exd5 5. cxd5 b5 6. e4 {A60: Modern Benoni: Early Divergences} Nxe4 7. Bg2 Nd6 8. Bf4 Be7 {LiveBook: 4 Games} 9. Nc3 $146 (9. Nf3 $11) ({Predecessor:} 9. Nf3 O-O 10. O-O Bb7 11. Re1 Na6 12. Nc3 b4 13. Bxd6 Bxd6 {1-0 (43) Vidit,S (2721)-Liu,G (2458) China 2017}) 9... O-O $1 $15 10. Bxd6 Bxd6 11. Nxb5 Be5 12. Ne2 Ba6 13. Nbc3 (13. a4 $17 {was necessary.}) 13... Bxc3+ ({Black should try} 13... Re8 $19 14. O-O Bxc3 15. Nxc3 Bxf1 16. Bxf1 d6) 14. Nxc3 $17 d6 ({Black should play} 14... Re8+ $17 15. Kd2 Qf6) 15. Qa4 $15 Bd3 $36 {[%mdl 2048] aiming for ...Nd7. Black has good play.} 16. Bf1 Qe7+ 17. Kd2 $1 {Strongly threatening Re1.} Bxf1 18. Re1 {[#]} (18. Rhxf1 $11 {remains equal.} Nd7 19. Rae1 Qg5+ 20. f4) 18... Qb7 $1 $17 {[%cal Rb7b2]} 19. Rhxf1 Qxb2+ 20. Kd3 $2 {[#]} (20. Qc2 $17 {was the only chance.} Qb6 21. Rb1) 20... c4+ $1 $19 {[%mdl 512]} 21. Qxc4 Nd7 {[%cal Bb8d7,Bd7c5,Bc5b3][%mdl 32]} 22. f4 $2 (22. Re2 Ne5+ 23. Rxe5 dxe5 24. Qb3) 22... Rac8 {Black is clearly winning.} 23. Qd4 (23. Re2 $142 Qa3 24. Qd4) 23... Nc5+ 24. Ke3 Nb3 {Precision: White = 29%, Black = 64%.} 0-1

[Event "Eurasia Open Cup 2018"]
[Site "Jekaterienburg"]
[Date "2018.08.01"]
[Round "1"]
[White "Fedotov, Alexey"]
[Black "Chigaev, Maksim"]
[Result "0-1"]
[WhiteElo "2106"]
[BlackElo "2577"]
[Annotator "TA"]
[PlyCount "107"]
[EventDate "2018.08.01"]
[EventType "swiss"]
[EventCountry "RUS"]
[SourceTitle "playchess.com"]
[Source "ChessBase"]
[SourceQuality "1"]

{[%evp 28,107,90,91,80,78,93,52,80,-95,-101,-83,-81,-90,-79,-140,-121,-117,-101,-113,-105,-99,-80,-133,-106,-107,-67,-65,-65,-115,-57,-50,-66,-70,-64,-71,-68,-68,-64,-62,-13,-102,-102,-102,-102,-102,-65,-58,-43,-120,-29,-96,-51,-40,-51,-40,-40,-40,-40,-134,-131,-223,-217,-240,-240,-229,-222,-222,-222,-513,-487,-585,-561,-641,-712,-685,-639,-872,-849,-717,-706,-29995]} 1. d4 Nf6 2. c4 g6 3. Nc3 Bg7 4. e4 d6 5. Nf3 O-O 6. Be2 Na6 7. O-O e5 8. Be3 c6 9. d5 Ng4 10. Bg5 f6 11. Bh4 c5 12. Nd2 h5 13. h3 {E94: King's Indian: Classical: 6 Be2 e5 7 0-0: Various Black 7th moves} Nh6 14. a3 Nf7 15. Rb1 {LiveBook: 4 Games. White is better.} Bd7 16. b4 b6 17. Nb5 Bh6 {[#]} 18. g4 $146 (18. Nf3 $16) ({Predecessor:} 18. Re1 Kg7 19. Nf1 {1-0 (63) Moradiabadi,E (2547)-Shabalov,A (2607) Ravana 2009}) 18... hxg4 $17 19. hxg4 Bf4 20. Kg2 Kg7 21. Rh1 (21. Bg3 $142) 21... Rh8 22. Qc2 Qc8 23. bxc5 Nxc5 24. f3 Qd8 25. Bf2 (25. Nb3 $142) 25... Qe7 $1 26. Nb3 Ng5 27. Nxc5 bxc5 28. Bd3 a6 (28... f5 $17 29. exf5 gxf5 30. Bxf5 Bxf5 31. gxf5 (31. Qxf5 Raf8 $17) 31... Rag8) 29. Nc3 $15 Rxh1 30. Rxh1 Rh8 {Strongly threatening ...Rxh1.} 31. Qb1 Rxh1 32. Qxh1 Qd8 $36 {[%mdl 2048] Black is more active.} 33. Ne2 Bd2 34. Bg3 (34. Qb1 $1 $11) 34... Qa5 $17 35. Qd1 Be3 36. Qb3 Ba4 37. Qb7+ Nf7 {Threatens to win with ...Bc2!} 38. Qb2 (38. Qb1 $1 $15) 38... Bd2 ({Better is} 38... Qd2 $17 39. Qxd2 Bxd2) 39. Bc2 (39. Qb1 $11 {remains equal.}) 39... Bxc2 (39... Bg5 {with more complications.} 40. Bxa4 Qxa4 41. Qa2 Qd1 42. Bf2 Bd2) 40. Qxc2 Be1 {Hoping for ...Bxg3.} 41. Qc1 Bxg3 42. Kxg3 Qa4 43. Kf2 (43. Ng1 $1 $15) 43... Ng5 44. Qc3 (44. Kg2 $17) 44... Qd1 $19 45. Qe3 Qh1 46. Ng1 {[#]} Qh2+ $1 47. Kf1 {[#]} Qc2 $1 48. Qe2 $2 (48. Ne2) 48... Qb3 {Black is clearly winning.} 49. Kf2 Qxa3 50. Qc2 a5 {[%cal Ba6a5,Ba5a4,Ba4a3][%mdl 32]} 51. Qb1 Qb4 52. Qa2 a4 53. Ne2 a3 54. Qb2 {Precision: White = 38%, Black = 64%.} 0-1

[Event "Eurasia Open Cup 2018"]
[Site "Jekaterienburg"]
[Date "2018.08.01"]
[Round "1"]
[White "Shadrin, Anton"]
[Black "Bocharov, Ivan"]
[Result "0-1"]
[WhiteElo "2092"]
[BlackElo "2552"]
[Annotator "TA"]
[PlyCount "54"]
[EventDate "2018.08.01"]
[EventType "swiss"]
[EventCountry "RUS"]
[SourceTitle "playchess.com"]
[Source "ChessBase"]
[SourceQuality "1"]

{[%evp 22,54,2,-3,29,14,27,0,14,14,2,12,28,0,18,-25,-25,-18,-22,-15,-18,-9,-26,-25,-24,-47,-42,-145,-134,-497,-493,-478,-470,-631,-620]} 1. e4 e5 2. Nf3 Nc6 3. Nc3 Nf6 4. d4 exd4 5. Nxd4 Bb4 6. Nxc6 bxc6 7. Bd3 d5 8. exd5 cxd5 9. O-O O-O 10. Bg5 c6 11. Qf3 Rb8 12. Na4 {[%cal Bc3a4,Ba4c5,Bc5b3][%mdl 32] LiveBook: 3 Games. C47: Scotch Four Knights and Four Knights with 4 g3} Be6 13. a3 $146 ({Predecessor:} 13. Bf5 h6 14. Bh4 Bd6 15. c3 Qd7 16. Bxf6 Bxf5 17. Bd4 Rfe8 18. Rfe1 Be4 19. Qh5 Re6 {0-1 (34) Ferguson,M (2408)-Howell,D (2613) Hinckley Island 2009}) 13... Be7 14. Bf4 {White has an edge.} Ra8 15. b4 a5 16. Nc5 Bc8 {[%cal Be6c8,Bc8g4,Bg4f5,Bf5c2][%mdl 32]} 17. c3 Re8 18. Nb3 Bg4 19. Qg3 Qc8 {Strongly threatening ...Nh5.} 20. h3 Nh5 21. Qh2 Bf5 22. Be2 Nxf4 23. Qxf4 Bf6 $36 {[%mdl 2048] Black fights for an advantage.} 24. Bf3 (24. Qd2 $1 $15) 24... axb4 $17 25. Qxb4 $2 {[%mdl 8192] [#]} (25. cxb4 $17 Bd3 26. Rfc1) 25... Rb8 $19 {Black is clearly winning.} 26. Qa4 Bc2 27. Bd1 Re4 {Precision: White = 25%, Black = 54%.} 0-1

[Event "Eurasia Open Cup 2018"]
[Site "Jekaterienburg"]
[Date "2018.08.01"]
[Round "1"]
[White "Belova, Olga"]
[Black "Sorokin, Aleksey"]
[Result "0-1"]
[WhiteElo "2087"]
[BlackElo "2519"]
[Annotator "TA"]
[PlyCount "106"]
[EventDate "2018.08.01"]
[EventType "swiss"]
[EventCountry "RUS"]
[SourceTitle "playchess.com"]
[Source "ChessBase"]
[SourceQuality "1"]

{[%evp 24,106,0,7,20,18,18,0,30,27,65,75,67,66,59,13,15,6,57,54,69,13,54,-20,-27,-28,-26,-27,-28,-56,-55,-70,-20,-33,-19,-20,-30,-38,-9,-9,-8,-18,-14,-58,-48,-64,-72,-135,-146,-169,-164,-178,-180,-211,-190,-600,-600,-596,-600,-645,-640,-941,-1155,-1125,-1033,-1110,-1090,-1034,-879,-696,-623,-29965,-29965,-29969,-5531,-29966,-29967,-6079,-6103,-29981,-29982,-29982,-29983,-29983,-29984]} 1. e4 c5 2. Nf3 d6 3. c3 Nf6 4. h3 g6 5. Bd3 Bg7 6. Bc2 e5 7. O-O O-O 8. d4 cxd4 9. cxd4 exd4 10. Nxd4 Nc6 11. Re1 Re8 12. Nxc6 bxc6 13. Nc3 {[%cal Bb1c3,Bc3a4,Ba4c5][%mdl 32] LiveBook: 4 Games. B50: Sicilian: 2...d6, Miscellaneous} d5 14. Bg5 {[%cal Bc1g5,Bg5h4,Bh4g3][%mdl 32]} h6 15. Bh4 {[#] e5 is the strong threat.The position is equal.} g5 16. Bg3 d4 17. Na4 Nd7 18. Rc1 $146 ({Predecessor:} 18. Qh5 Ne5 19. Rad1 Qf6 20. Nc5 Rb8 {0-1 (31) Bondarets,V (2345)-Carlsson,P (2515) Dresden 2008}) 18... Be5 19. Bxe5 Nxe5 20. Nc5 g4 (20... Qd6 $11 21. Bd3 g4) 21. hxg4 $14 Nxg4 {Threatens to win with ...Qh4.} 22. Qf3 (22. Qd2 $1 $14) 22... Qg5 23. Bb3 (23. Nd3 $1 $14) 23... Ne5 $11 24. Qg3 Qxg3 25. fxg3 Bg4 26. Bc4 Rad8 {aiming for ...d3.} 27. Nd3 Kg7 28. b4 Rd6 29. Nxe5 Rxe5 30. Bd3 $1 Rg6 31. Rc4 Be6 32. Rxd4 Rxg3 33. Kf2 Reg5 34. Bf1 Ra3 $36 {[%mdl 2048] Black is in control.} 35. Rd6 ({Better is} 35. Bc4) 35... c5 $17 36. bxc5 Rxc5 37. Re2 Kf6 38. Red2 Ke5 39. Ra6 $2 (39. Rd8) 39... Rxa6 $19 40. Bxa6 {[%mdl 4096] Endgame [#] KRB-KRB} Ra5 $1 41. Bb7 Rxa2 42. Ke3 Rxd2 43. Kxd2 {KB-KB} Kd4 44. g3 f6 45. Bc6 Bc4 46. Ke1 Bd3 47. Kf2 Bxe4 48. Ba4 a5 (48... Kc3 $142 49. Bb5 a5 50. Ke3 Bc2 51. Kf4 Kb4 52. Bd7 a4 53. Bxa4 Bxa4 54. Kg4 Bd1+ 55. Kh3 Kc3 56. Kh2 Kd4 57. Kh3 Ke3 58. Kh4 h5 59. Kh3 Bf3 60. Kh4 Kf2 61. g4 hxg4 62. Kh5 f5 63. Kh6 Be4 64. Kg5 g3 65. Kh4 g2 66. Kg5 g1=Q+ 67. Kf6 Qa1+ 68. Ke6 Qd4 69. Kf7 Bd5+ 70. Ke7 Qe5+ 71. Kd7 f4 72. Kd8 Qg7 73. Ke8 Bc6+ 74. Kd8 Qd7#) 49. g4 Kc3 50. Be8 Bc2 51. Ke3 a4 {Black mates.} 52. Bxa4 Bxa4 53. Kf4 Bd7 {Precision: White = 31%, Black = 68%.} 0-1

[Event "Eurasia Open Cup 2018"]
[Site "Jekaterienburg"]
[Date "2018.08.01"]
[Round "1"]
[White "Zhukov, Ivan"]
[Black "Khanin, Semen"]
[Result "1/2-1/2"]
[WhiteElo "2061"]
[BlackElo "2494"]
[Annotator "ChessBase"]
[PlyCount "271"]
[EventDate "2018.08.01"]
[EventType "swiss"]
[EventCountry "RUS"]
[SourceTitle "playchess.com"]
[Source "ChessBase"]
[SourceQuality "1"]
[TimeControl "5400+30"]

1. e4 {[%emt 0:00:00]} e5 {[%emt 0:00:00]} 2. Nf3 {[%emt 0:00:00]} Nc6 {[%emt 0:00:00]} 3. Bc4 {[%emt 0:00:04]} Bc5 {[%emt 0:00:08]} 4. c3 {[%emt 0:00:55]} Nf6 {[%emt 0:00:00]} 5. d3 {[%emt 0:00:10]} a6 {[%emt 0:00:12]} 6. O-O {[%emt 0:01:17]} d6 {[%emt 0:00:13]} 7. Bb3 {[%emt 0:02:00]} Ba7 {[%emt 0:00:00]} 8. Nbd2 {[%emt 0:00:52]} O-O {[%emt 0:00:00]} 9. Re1 {[%emt 0:00:22]} h6 {[%emt 0:00:28]} 10. Nf1 {[%emt 0:02:35]} Re8 {[%emt 0:00:46]} 11. Ng3 {[%emt 0:13:47]} Be6 {[%emt 0:00:08]} 12. Bc2 {[%emt 0:03:20]} d5 {[%emt 0:02:56]} 13. h3 {[%emt 0:07:10]} Qd6 {[%emt 0:03:00]} 14. Nh4 {[%emt 0:03:40]} dxe4 {[%emt 0:03:33]} 15. dxe4 {[%emt 0:00:37]} Qxd1 {[%emt 0:00:00]} 16. Rxd1 {[%emt 0:00:21]} Rad8 {[%emt 0:00:05]} 17. Re1 {[%emt 0:00:00]} Ne7 {[%emt 0:11:14]} 18. a4 {[%emt 0:09:00]} Rd7 {[%emt 0:02:20]} 19. a5 {[%emt 0:00:37]} Red8 {[%emt 0:00:22]} 20. Nf3 {[%emt 0:06:22]} Ng6 {[%emt 0:01:41]} 21. Nf5 {[%emt 0:03:18]} Bc4 {[%emt 0:22:38]} 22. Be3 {[%emt 0:10:16]} Bxe3 {[%emt 0:05:52]} 23. Rxe3 {[%emt 0:00:33]} Bd3 {[%emt 0:01:51]} 24. Bxd3 {[%emt 0:06:12]} Rxd3 {[%emt 0:00:16]} 25. Rxd3 {[%emt 0:00:02]} Rxd3 {[%emt 0:00:06]} 26. Ng3 {[%emt 0:00:10]} Nd7 {[%emt 0:01:47]} 27. Ra4 {[%emt 0:03:59]} Nf4 {[%emt 0:04:32]} 28. Kh2 {[%emt 0:01:10]} Rd1 {[%emt 0:02:23]} 29. Rb4 {[%emt 0:00:49]} b5 {[%emt 0:00:00]} 30. axb6 {[%emt 0:00:00]} cxb6 {[%emt 0:00:00]} 31. Ra4 {[%emt 0:01:20]} a5 {[%emt 0:03:31]} 32. b4 {[%emt 0:00:06]} axb4 {[%emt 0:00:00]} 33. cxb4 {[%emt 0:01:35]} Nd3 {[%emt 0:00:07]} 34. Ra8+ {[%emt 0:01:58]} Kh7 {[%emt 0:01:26]} 35. Re8 {[%emt 0:00:52]} Nxf2 {[%emt 0:13:55]} 36. Nxe5 {[%emt 0:00:13]} Nxe5 {[%emt 0:01:00]} 37. Rxe5 {[%emt 0:00:01]} g6 {[%emt 0:00:37]} 38. Re7 {[%emt 0:00:58]} Kg7 {[%emt 0:00:19]} 39. e5 {[%emt 0:00:45]} Re1 {[%emt 0:00:31]} 40. Rb7 {[%emt 0:00:39]} h5 {[%emt 0:00:00]} 41. h4 {[%emt 0:00:46]} Ng4+ {[%emt 0:05:21]} 42. Kh3 {[%emt 0:00:08]} Rxe5 {[%emt 0:00:16]} 43. Rxb6 {[%emt 0:00:07]} Re3 {[%emt 0:00:32]} 44. Rb7 {[%emt 0:00:35]} Kf6 {[%emt 0:01:18]} 45. Rb8 {[%emt 0:01:27]} Rb3 {[%emt 0:00:39]} 46. Re8 {[%emt 0:04:09]} Nf2+ {[%emt 0:00:51]} 47. Kh2 {[%emt 0:00:15]} Ng4+ {[%emt 0:00:25]} 48. Kh3 {[%emt 0:00:09]} Rxb4 {[%emt 0:01:58]} 49. Ne2 {[%emt 0:00:51]} Nf2+ {[%emt 0:04:08]} 50. Kg3 {[%emt 0:00:23]} Ne4+ {[%emt 0:00:06]} 51. Kh3 {[%emt 0:00:24]} Nd6 {[%emt 0:00:44]} 52. Ra8 {[%emt 0:01:34]} Re4 {[%emt 0:00:21]} 53. Ng1 {[%emt 0:00:57]} Nf5 {[%emt 0:01:04]} 54. Nf3 {[%emt 0:00:32]} Re2 {[%emt 0:02:03]} 55. Ra6+ {[%emt 0:00:28]} Kg7 {[%emt 0:00:07]} 56. Ra7 {[%emt 0:04:26]} Ne3 {[%emt 0:01:34]} 57. Ng5 {[%emt 0:02:33]} Rf2 {[%emt 0:00:05]} 58. Kg3 {[%emt 0:02:26]} Rf1 {[%emt 0:00:05]} 59. Kh2 {[%emt 0:00:43]} Ng4+ {[%emt 0:01:59]} 60. Kh3 {[%emt 0:00:32]} Rh1+ {[%emt 0:00:38]} 61. Kg3 {[%emt 0:00:04]} Nh6 {[%emt 0:00:21]} 62. Rb7 {[%emt 0:01:38]} Kf6 {[%emt 0:00:39]} 63. Rb6+ {[%emt 0:00:38]} Kg7 {[%emt 0:00:56]} 64. Rb7 {[%emt 0:00:05]} Rf1 {[%emt 0:00:04]} 65. Kh3 {[%emt 0:00:23]} Re1 {[%emt 0:00:28]} 66. g3 {[%emt 0:00:18]} Re2 {[%emt 0:00:02]} 67. g4 {[%emt 0:01:53]} Re3+ {[%emt 0:00:39]} 68. Kg2 {[%emt 0:00:04]} hxg4 {[%emt 0:00:04]} 69. Ra7 {[%emt 0:00:21]} Kf6 {[%emt 0:00:51]} 70. Rb7 {[%emt 0:00:26]} Re7 {[%emt 0:02:44]} 71. Nh7+ {[%emt 0:01:15]} Ke6 {[%emt 0:00:04]} 72. Ng5+ {[%emt 0:00:15]} Kd6 {[%emt 0:00:07]} 73. Rb6+ {[%emt 0:00:16]} Ke5 {[%emt 0:00:10]} 74. Rb5+ {[%emt 0:02:04]} Kf6 {[%emt 0:00:06]} 75. Rb6+ {[%emt 0:00:13]} Kg7 {[%emt 0:00:05]} 76. Kg3 {[%emt 0:00:14]} Rd7 {[%emt 0:00:23]} 77. Rb3 {[%emt 0:00:42]} Kf6 {[%emt 0:01:28]} 78. Rb6+ {[%emt 0:00:19]} Kg7 {[%emt 0:00:52]} 79. Rb3 {[%emt 0:00:24]} Rd4 {[%emt 0:00:29]} 80. Rb7 {[%emt 0:00:22]} Nf5+ {[%emt 0:00:35]} 81. Kf2 {[%emt 0:01:16]} Rf4+ {[%emt 0:01:24]} 82. Kg1 {[%emt 0:00:39]} Nd4 {[%emt 0:00:04]} 83. Kg2 {[%emt 0:00:12]} Kf8 {[%emt 0:02:32]} 84. Rb8+ {[%emt 0:00:23]} Kg7 {[%emt 0:00:05]} 85. Rb7 {[%emt 0:00:04]} Rf5 {[%emt 0:03:17]} 86. Kg3 {[%emt 0:00:06]} Nc6 {[%emt 0:00:27]} 87. Kxg4 {[%emt 0:00:27]} Ne5+ {[%emt 0:00:12]} 88. Kg3 {[%emt 0:00:04]} Rf1 {[%emt 0:01:07]} 89. Ra7 {[%emt 0:00:47]} Kf6 {[%emt 0:01:14]} 90. Ra6+ {[%emt 0:00:55]} Kf5 {[%emt 0:00:06]} 91. Nh7 {[%emt 0:02:16]} Rf3+ {[%emt 0:00:40]} 92. Kg2 {[%emt 0:00:06]} Kg4 {[%emt 0:00:54]} 93. Ra4+ {[%emt 0:00:11]} Kh5 {[%emt 0:00:39]} 94. Ra5 {[%emt 0:01:28]} Rf5 {[%emt 0:00:09]} 95. Kg3 {[%emt 0:00:05]} Kh6 {[%emt 0:00:43]} 96. Ng5 {[%emt 0:00:42]} Kg7 {[%emt 0:00:32]} 97. Kg2 {[%emt 0:01:05]} Kf6 {[%emt 0:00:18]} 98. Ra6+ {[%emt 0:00:28]} Ke7 {[%emt 0:00:05]} 99. Ra5 {[%emt 0:00:14]} Ng4 {[%emt 0:01:15]} 100. Rxf5 {[%emt 0:00:23]} Ne3+ {[%emt 0:00:04]} 101. Kf3 {[%emt 0:00:10]} Nxf5 {[%emt 0:00:03]} 102. Kg4 {[%emt 0:00:19]} Ng7 {[%emt 0:00:17]} 103. Nh3 {[%emt 0:00:46]} f6 {[%emt 0:00:52]} 104. Nf4 {[%emt 0:00:37]} Kf7 {[%emt 0:00:04]} 105. Nd3 {[%emt 0:00:50]} Ne6 {[%emt 0:00:44]} 106. Kf3 {[%emt 0:01:41]} Kg7 {[%emt 0:00:10]} 107. Nb4 {[%emt 0:01:33]} Kf7 {[%emt 0:00:46]} 108. Nd5 {[%emt 0:00:11]} Ng7 {[%emt 0:00:15]} 109. Kg4 {[%emt 0:00:56]} Nh5 {[%emt 0:00:19]} 110. Nc7 {[%emt 0:00:51]} Ke7 {[%emt 0:00:05]} 111. Nb5 {[%emt 0:00:51]} Ke6 {[%emt 0:00:07]} 112. Nd4+ {[%emt 0:00:07]} Kd5 {[%emt 0:00:09]} 113. Nf3 {[%emt 0:00:13]} Ke4 {[%emt 0:00:15]} 114. Nd2+ {[%emt 0:00:06]} Kd3 {[%emt 0:00:10]} 115. Nb3 {[%emt 0:01:04]} Ke3 {[%emt 0:00:12]} 116. Na5 {[%emt 0:01:02]} Kd4 {[%emt 0:03:57]} 117. Nb3+ {[%emt 0:01:02]} Ke4 {[%emt 0:00:29]} 118. Nd2+ {[%emt 0:00:46]} Ke3 {[%emt 0:00:36]} 119. Nc4+ {[%emt 0:00:18]} Kf2 {[%emt 0:00:11]} 120. Nd6 {[%emt 0:00:17]} Ke2 {[%emt 0:00:42]} 121. Nc4 {[%emt 0:01:08]} Ng7 {[%emt 0:00:23]} 122. Nd6 {[%emt 0:00:35]} Nh5 {[%emt 0:00:35]} 123. Nc4 {[%emt 0:00:08]} Kf2 {[%emt 0:00:27]} 124. Nd6 {[%emt 0:00:12]} Kg2 {[%emt 0:00:36]} 125. Nc4 {[%emt 0:00:31]} Ng7 {[%emt 0:00:13]} 126. Nd6 {[%emt 0:00:09]} Kh2 {[%emt 0:00:53]} 127. Nc4 {[%emt 0:00:22]} Ne6 {[%emt 0:00:05]} 128. Nd6 {[%emt 0:00:07]} Ng7 {[%emt 0:00:43]} 129. Nc4 {[%emt 0:00:02]} Kg1 {[%emt 0:00:21]} 130. Ne3 {[%emt 0:00:50]} Ne6 {[%emt 0:00:50]} 131. h5 {[%emt 0:00:14]} gxh5+ {[%emt 0:00:13]} 132. Kxh5 {[%emt 0:00:09]} Nf4+ {[%emt 0:00:07]} 133. Kg4 {[%emt 0:00:09]} Ng2 {[%emt 0:00:05]} 134. Nxg2 {[%emt 0:00:06]} Kxg2 {[%emt 0:00:03]} 135. Kf5 {[%emt 0:00:04]} Kf3 {[%emt 0:00:03]} 136. Kxf6 {[%emt 0:00:03]} 1/2-1/2

[Event "Eurasia Open Cup 2018"]
[Site "Jekaterienburg"]
[Date "2018.08.01"]
[Round "1"]
[White "Pogorelskikh, Sofia"]
[Black "Gutenev, Alexander"]
[Result "1-0"]
[WhiteElo "2050"]
[BlackElo "2470"]
[Annotator "RC"]
[PlyCount "143"]
[EventDate "2018.08.01"]
[EventType "swiss"]
[EventCountry "RUS"]
[SourceTitle "playchess.com"]
[Source "ChessBase"]
[SourceQuality "1"]
[TimeControl "5400+30"]

1. e4 {[%emt 0:00:00]} c5 {[%emt 0:00:00]} 2. Nf3 {[%emt 0:00:00]} Nc6 {[%emt 0:00:00]} 3. d4 {[%emt 0:00:10]} cxd4 {[%emt 0:00:14]} 4. Nxd4 {[%emt 0:00:07]} d6 {[%emt 0:00:00]} 5. Nc3 {[%emt 0:00:00]} Nf6 {[%emt 0:00:00]} 6. Bg5 {[%emt 0:00:43]} e6 {[%emt 0:00:00]} 7. Qd2 {[%emt 0:01:37]} a6 {[%emt 0:00:34]} 8. O-O-O {[%emt 0:01:40]} Bd7 {[%emt 0:00:08]} 9. f3 {[%emt 0:02:00]} Be7 {[%emt 0:01:17]} 10. h4 {[%emt 0:03:23]} h6 {[%emt 0:00:13]} 11. Be3 {[%emt 0:02:04]} h5 {[%emt 0:00:47]} 12. f4 {[%emt 0:16:08]} b5 {[%emt 0:03:21]} 13. a3 {[%emt 0:09:59]} b4 {[%emt 0:04:03]} 14. Nxc6 {[%emt 0:06:21]} Bxc6 {[%emt 0:01:19]} 15. axb4 {[%emt 0:01:23]} Qb8 {[%emt 0:23:00]} 16. Qd4 {[%emt 0:08:39]} Qb7 {[%emt 0:01:03]} 17. Be2 {[%emt 0:05:02]} Rb8 {[%emt 0:04:03]} 18. Bf3 {[%emt 0:10:56]} O-O {[%emt 0:14:18]} 19. Rhe1 {[%emt 0:01:13]} Rfd8 {[%emt 0:02:22]} 20. f5 {[%emt 0:09:12]} e5 {[%emt 0:02:51]} 21. Qc4 {[%emt 0:08:49]} a5 {[%emt 0:25:33]} 22. b5 {[%emt 0:00:56]} Bxb5 {[%emt 0:01:54]} 23. Nxb5 {[%emt 0:01:00]} Qxb5 {[%emt 0:00:33]} 24. Qxb5 {[%emt 0:00:21]} Rxb5 {[%emt 0:00:52]} 25. Bg5 {[%emt 0:00:18]} a4 {[%emt 0:00:08]} 26. Re2 {[%emt 0:05:25]} Kf8 {[%emt 0:01:29]} 27. g3 {[%emt 0:02:17]} g6 {[%emt 0:02:49]} 28. fxg6 {[%emt 0:02:39]} fxg6 {[%emt 0:06:46]} 29. c3 {[%emt 0:00:48]} Kf7 {[%emt 0:00:03]} 30. Rf2 {[%emt 0:00:58]} Ke6 {[%emt 0:02:10]} 31. Rdf1 {[%emt 0:01:03]} Nd7 {[%emt 0:01:18]} 32. Bxe7 {[%emt 0:00:00]} Kxe7 {[%emt 0:01:26]} 33. Be2 {[%emt 0:00:25]} Rc5 {[%emt 0:00:30]} 34. Rf7+ {[%emt 0:00:30]} Ke8 {[%emt 0:00:20]} 35. Rg7 {[%emt 0:00:30]} a3 {[%emt 0:00:46]} 36. Rxg6 {[%emt 0:00:40]} Rb8 {[%emt 0:00:06]} 37. Rg8+ {[%emt 0:00:29]} Ke7 {[%emt 0:01:28]} 38. Rxb8 {[%emt 0:00:58]} Nxb8 {[%emt 0:00:02]} 39. Bxh5 {[%emt 0:00:01]} Nc6 {[%emt 0:00:01]} 40. Rf7+ {[%emt 0:00:32]} Ke6 {[%emt 0:00:02]} 41. Rf1 {[%emt 0:00:32]} Nd4 {[%emt 0:00:05]} 42. Kb1 {[%emt 0:00:31]} Nb5 {[%emt 0:00:52]} 43. c4 {[%emt 0:00:22]} Nd4 {[%emt 0:00:22]} 44. bxa3 {[%emt 0:00:24]} Rc7 {[%emt 0:01:02]} 45. Rf2 {[%emt 0:00:30]} Nb3 {[%emt 0:00:21]} 46. Bd1 {[%emt 0:00:18]} Nc5 {[%emt 0:00:00]} 47. Bc2 {[%emt 0:01:05]} Rg7 {[%emt 0:00:14]} 48. Rf3 {[%emt 0:00:38]} Kd7 {[%emt 0:00:05]} 49. Kc1 {[%emt 0:00:12]} Ne6 {[%emt 0:00:30]} 50. Kd2 {[%emt 0:00:50]} Nd4 {[%emt 0:00:32]} 51. Rc3 {[%emt 0:00:13]} Kc6 {[%emt 0:00:02]} 52. Bd1 {[%emt 0:00:40]} Rf7 {[%emt 0:00:30]} 53. g4 {[%emt 0:00:03]} Rf2+ {[%emt 0:00:21]} 54. Ke3 {[%emt 0:00:25]} Rh2 {[%emt 0:00:26]} 55. h5 {[%emt 0:00:23]} Ne6 {[%emt 0:00:14]} 56. Ba4+ {[%emt 0:00:31]} Kc5 {[%emt 0:00:30]} 57. Bd7 {[%emt 0:00:28]} Ng5 {[%emt 0:01:05]} 58. Bf5 {[%emt 0:01:00]} Rh3+ {[%emt 0:00:02]} 59. Kd2 {[%emt 0:00:24]} Rh2+ {[%emt 0:00:12]} 60. Kd3 {[%emt 0:00:22]} Nf3 {[%emt 0:00:09]} 61. Rc1 {[%emt 0:00:10]} Rh3 {[%emt 0:00:04]} 62. g5 {[%emt 0:00:44]} Rg3 {[%emt 0:00:57]} 63. g6 {[%emt 0:00:30]} Nd4+ {[%emt 0:00:52]} 64. Kd2 {[%emt 0:00:46]} Nb3+ {[%emt 0:00:08]} 65. Kc2 {[%emt 0:00:00]} Nd4+ {[%emt 0:01:21]} 66. Kb2 {[%emt 0:00:22]} Rg2+ {[%emt 0:00:07]} 67. Kb1 {[%emt 0:00:35]} Nf3 {[%emt 0:00:30]} 68. Rc2 {[%emt 0:00:49]} Rg1+ {[%emt 0:00:35]} 69. Kb2 {[%emt 0:00:18]} Nh4 {[%emt 0:00:00]} 70. h6 {[%emt 0:00:31]} Nxg6 {[%emt 0:00:45]} 71. Bxg6 {[%emt 0:00:15]} Rxg6 {[%emt 0:01:09]} 72. Rh2 {[%emt 0:01:33]} 1-0